00638nam a2200193Ia 4500008004100000020001800041082001400059100001400073245004600087250000700133260003300140300002500173500001900198600002100217650005000238942000700288952013200295999001700427240925s9999 xx 000 0 und d a9789381269923 a004.6 MUR aMurali, C 0aData Communications And Computer Networks aNA aNew Delhi:bElsivierc,2012. a471p.bN.AfOriginal aIncludes Index aComputer Science aComputer science, information & general works cBK 001040708CSaUITUbUITUd2015-01-27ePak Book Corporationg225.00l0o004.6 MURpQ10066r2024-09-25 07:15:35w2024-09-25yBK c12565d12565